Smerom k európskej vízii kvality

Kľúčové prvky navrhovanej európskej vízie kvality. Rozdielnosť - kritická zložka európskej konkurenčnej spôsobilosti. Vytvorenie novej európskej mytológie založenej na jestvujúcich základoch a nových hodnotách. Európska kvalita a jej trendy.

Gespeichert in:
Bibliographische Detailangaben
Format: Buchkapitel
Sprache:Slowakisch
Schlagworte:
Tags: Tag hinzufügen
Keine Tags, Fügen Sie das erste Tag hinzu!

MARC

LEADER 00000naa a2200000 4500
001 r039804
005 20231002065737.5
041 0 |a slo 
044 |a SK 
245 1 0 |a Smerom k európskej vízii kvality 
520 |a Kľúčové prvky navrhovanej európskej vízie kvality. Rozdielnosť - kritická zložka európskej konkurenčnej spôsobilosti. Vytvorenie novej európskej mytológie založenej na jestvujúcich základoch a nových hodnotách. Európska kvalita a jej trendy. 
610 2 0 |a kvalita 
610 2 0 |a vízie 
610 2 0 |a Európa 
610 2 0 |a kultúra